000 00277 a2200133 4500
001 154040
040 _cEscola São Tomás de Aquino
240 1 0 _aAlguma poesia
_lpor
245 1 0 _aAlguma poesia
362 0 _a2002
440 1 _aRecord LTDA
697 _aPoesia
942 _cBK
999 _c154040
_d154040